000 00915nam a2200313Ia 4500
008 160803s9999 xx 000 0 und d
020 _a9780439813167
100 _aHaddix, Margaret Peterson
245 4 _aThe girl with 500 middle names /
245 _cMargaret Peterson Haddix ; illustrated by Janet Hamlin.
260 _aNew York :
260 _bScholastic Inc.
260 _c2005
300 _a81 pages :
300 _billustrations ;
300 _c20 cm
500 _aReprint: Originally published: New York : Simon & Schuster Books for Young Readers, ©2001.
650 _aFriendship --
650 _aParent and child --
650 _aSchools --
650 _aSchools --
650 _aSelf-confidence --
650 _xFiction.
650 _xJuvenile fiction.
650 _xJuvenile fiction.
650 _xJuvenile fiction.
650 _xJuvenile fiction.
700 _a510
999 _c298570
_d298570